| 000 -LEADER |
| fixed length control field |
00548nam a2200169Ia 4500 |
| 008 - FIXED-LENGTH DATA ELEMENTS--GENERAL INFORMATION |
| fixed length control field |
200103s9999||||xx |||||||||||||| ||und|| |
| 020 ## - INTERNATIONAL STANDARD BOOK NUMBER |
| International Standard Book Number |
0900886595 |
| 082 ## - DEWEY DECIMAL CLASSIFICATION NUMBER |
| Classification number |
627.3 |
| Item number |
OCI |
| 100 ## - MAIN ENTRY--PERSONAL NAME |
| Personal name |
OCIMF |
| 245 #4 - TITLE STATEMENT |
| Title |
The effect on the operation of tanker terminals following international tanker safety and pollution prevention standards |
| 260 ## - PUBLICATION, DISTRIBUTION, ETC. (IMPRINT) |
| Name of publisher, distributor, etc |
OCIMF |
| Date of publication, distribution, etc |
1981 |
| Place of publication, distribution, etc |
London |
| 300 ## - PHYSICAL DESCRIPTION |
| Extent |
09p. |
| 650 ## - SUBJECT ADDED ENTRY--TOPICAL TERM |
| Topical term or geographic name as entry element |
Petroleum shipping terminals--Safety measures |
| 650 ## - SUBJECT ADDED ENTRY--TOPICAL TERM |
| Topical term or geographic name as entry element |
Marine terminals--Safety measures |
| 650 ## - SUBJECT ADDED ENTRY--TOPICAL TERM |
| Topical term or geographic name as entry element |
Tankers--Safety measures |
| 942 ## - ADDED ENTRY ELEMENTS (KOHA) |
| Item type |
Books |